AP Brainrot Exam - Statistics

General Stats
  • This quiz has been taken 435 times
  • The average score is 20 of 36
Answer Stats
Hint Answer % Correct
Someone who is higher than Alpha Sigma
99%
Series in which toilet men attack camera men Skibidi Toilet
93%
Slang for a big butt Gyatt
91%
Other purple drink sold by McDonald's Grimace Shake
89%
Strangest US state; only in ___ Ohio
87%
Something you have but lose when you do something embarrassing Aura
86%
Short streamer who collaborated with Ice Spice Kai Cenat
86%
When the impostor is __ Sus
81%
Pig who calls you at 3AM John Pork
78%
Athlete who is glazed heavily, NBA Player LeBron James
77%
Fat Bugs Bunny Big Chungus
76%
Fat streamer who takes food Fanum
76%
The act of giving extreme compliments Glazing
76%
Song played at Tiktok Rizz Party Carnival
71%
The 'Top G' Andrew Tate
70%
What lightskins typically have Rizz
67%
Song by Travis Scott which is sung in different ways Fein
66%
Looking better than someone Mogging
66%
Red larva says this Oi oi oi
63%
Purple Drink which Ken Carson consumes regularly Lean
60%
Ok, __ Fortnite Card $19
54%
The guys who enjoy chicken bakes and double chunk chocolate chip cookies Costco Guys
49%
Streamer who sang 'Broken Boi Boi' Flight
39%
Term used for someone who gets really angry/irrational Crashout
36%
Word for an Ice Spice fan Munch
35%
Master of the previous answer Duke Dennis
33%
Wise Mystical ___ Tree
32%
Boi it's just ___ Alkahal
26%
Tiktoker who has been in the hills Joe Bartolozzi
21%
Charlie the Steak says this Ei ei ei
20%
This streamer also took a ____ break Smoke
18%
Streamer who's father says "This is Bayonne New Jersey!" Los Pollos
17%
Remix artist who remixed song 'Not Like Us' Space Panda
17%
GTA ___ Life Videos Thug
16%
Tiktoker who runs around in a gnome costume Crawly
14%
Brainrot Tiktok videos in which different characters go through an obstacle course Marble Races
2%
No matching quizzes found
Score Distribution
Percent of People with Each Score
Percentile by Number Answered
Your Score History
You have not taken this quiz